|
|
|
|
| LEADER |
01481nam a2200373 a 4500 |
| 001 |
EBC1124002 |
| 003 |
MiAaPQ |
| 005 |
20200520144314.0 |
| 006 |
m o d | |
| 007 |
cr cn||||||||| |
| 008 |
121121s2013 njua sb 001 0 eng d |
| 010 |
|
|
|z 2012045107
|
| 020 |
|
|
|z 9781118436530 (cloth)
|
| 020 |
|
|
|a 9781118575499 (electronic bk.)
|
| 035 |
|
|
|a (MiAaPQ)EBC1124002
|
| 035 |
|
|
|a (Au-PeEL)EBL1124002
|
| 035 |
|
|
|a (CaPaEBR)ebr10658475
|
| 035 |
|
|
|a (CaONFJC)MIL527809
|
| 035 |
|
|
|a (OCoLC)819105396
|
| 040 |
|
|
|a MiAaPQ
|c MiAaPQ
|d MiAaPQ
|
| 050 |
|
4 |
|a HD30.2
|b .W3477 2013
|
| 082 |
0 |
4 |
|a 004.068
|2 23
|
| 100 |
1 |
|
|a Wander, Frank,
|d 1957-
|
| 245 |
1 |
0 |
|a Transforming IT culture
|h [electronic resource] :
|b how to use social intelligence, human factors, and collaboration to create an IT department that outperforms /
|c Frank Wander.
|
| 260 |
|
|
|a Hoboken, N.J. :
|b John Wiley & Sons, Inc.,
|c 2013.
|
| 300 |
|
|
|a xiii, 203 p. :
|b ill.
|
| 440 |
|
0 |
|a Wiley CIO series
|
| 504 |
|
|
|a Includes bibliographical references and index.
|
| 533 |
|
|
|a Electronic reproduction. Ann Arbor, MI : ProQuest, 2016. Available via World Wide Web. Access may be limited to ProQuest affiliated libraries.
|
| 650 |
|
0 |
|a Information technology
|x Management.
|
| 650 |
|
0 |
|a Electronic data processing departments
|x Management.
|
| 655 |
|
4 |
|a Electronic books.
|
| 710 |
2 |
|
|a ProQuest (Firm)
|
| 856 |
4 |
0 |
|u https://ebookcentral.proquest.com/lib/matrademy/detail.action?docID=1124002
|z Click to View
|